000 00213nam a2200085Ia 4500
008 120527s9999 xx 000 0 und d
100 _aLeithhold & Louis
245 _aThe Calculus with analytic Geometry
942 _cBK
999 _c27794
_d27794